000 00636nam a2200205Ia 4500
003 GCL
008 140319s9999 xx 000 0 ara d
040 _aGCL /
_cGCL
082 0 4 _a814.02
_bم ا
100 1 _aمحمد فريد وجدى
245 1 0 _aالوحديات مقامات محمد فريد وجدى /
_cمحمد فريد وجدى
700 1 _aعبدالعزيز شرف
700 1 _aمحمد عبدالمنعم خفاجى
260 _a[S.N] :
_bدار الكتاب اللبنانى ،
_c1982
300 _a384 ص
490 _a
650 0 4 _aالادب العربى
650 0 4 _aالمقامات
942 _2ddc
_cBK
999 _c54005
_d54005